000 00687nam a22002297a 4500
005 20250908115611.0
008 250908b |||||||| |||| 00| 0 eng d
020 _a978-93-91988-20-3 (pbk)
037 _cTB
040 _aCRL
_cCRL
041 _2SIN
_aSIN
084 _aO1593,6:g R1
_bCRL
100 _aHimthani, Mohan,
_9820196
245 _aTanqeed tasirat
260 _aAhmedabad, India:
_bScan computers,
_c2021.
300 _a249p.
365 _b400.00
_cINR
650 _aSindhi Literature
_9820197
650 _aSindhi Prose
_9820198
942 _2CC
_cTB
_hO1593,6:g R1
_n0
999 _c1435214
_d1435214